000 00916nam a2200229 a 4500
999 _c11232
_d11232
001 11232
003 BD-JhCC
005 20190806195425.0
008 190606s 2017bg a|||| ||a| 000 0 ben d
020 _a9847009604379
035 _a(BD-JhCC)11232
040 _aBD-JhCC
_dBD-JhCC
041 _aben
082 _a954.9205
_bKHI 2017
100 _aখীসা, আলোড়ন
245 _aমুক্তিযুদ্ধের কিশোর ইতিহাস :
_bখাগড়াছড়ি জেলা /
_cআলোড়ন খীসা, আমিনুর রহমান সুলতান (সম্পা)
260 _aঢাকা:
_bতাম্রলিপি;
_c২০১৭.
300 _a১১৮ পৃ. :
_bill;
_c২২ সেমি.
650 _aLiberation war
_xjuvenile
_y1971
_zBangladesh
700 _aসুলতান, আমিনুর রহমান
942 _2ddc
_cBK